000 00667nam a2200241Ia 4500
003 OSt
005 20220924125321.0
006 a|||||r|||| 00| 0
007 ta
008 220923b |||||||| |||| 00| 0 tel d
024 _a344508
037 _cTextual
040 _aARTS
_cARTS
_btel
041 _2tel
_atel
082 _aO157,3M38,4, 35J5
100 _aVenkata Parvatiswara Kavulu Au.
_9198055
245 0 _aRaja Simha
260 _aRajamumdry
_bIndia
_c1955
300 _a386p.
_ccm.
650 _aBENGALI LITERATURE
942 _hO157,3M38,4, 35J5
_cTEXL
_2CC
999 _c422397
_d422397